Komparácia výkonnosti slovenského poľnohospodárstva
Porovnanie úrovne výkonnosti slovenského poľnohospodárstva s krajinami Európskej únie a Vyšegradskej štvorky. Analýza výrobných faktorov z hľadiska využitia ich výrobnej kapacity a produktívnosti. Výkonnosť a dôchodkovosť v diferencovaných skupinách podnikov v slovenskom poľnohospodárstve.
Guardado en:
| Autor principal: | |
|---|---|
| Formato: | Capítulo de libro |
| Lenguaje: | eslovaco |
| Materias: | |
| Etiquetas: |
Sin Etiquetas, Sea el primero en etiquetar este registro!
|
MARC
| LEADER | 00000naa a2200000 4500 | ||
|---|---|---|---|
| 001 | r042247 | ||
| 005 | 20230929064412.7 | ||
| 041 | 0 | |a slo | |
| 044 | |a SK | ||
| 245 | 1 | 0 | |a Komparácia výkonnosti slovenského poľnohospodárstva |c Peter Bielik |
| 520 | |a Porovnanie úrovne výkonnosti slovenského poľnohospodárstva s krajinami Európskej únie a Vyšegradskej štvorky. Analýza výrobných faktorov z hľadiska využitia ich výrobnej kapacity a produktívnosti. Výkonnosť a dôchodkovosť v diferencovaných skupinách podnikov v slovenskom poľnohospodárstve. | ||
| 610 | 2 | 0 | |a poľnohospodárstvo |
| 610 | 2 | 0 | |a Slovensko |
| 610 | 2 | 0 | |a výkonnosť |
| 610 | 2 | 0 | |a porovnanie medzinárodné |
| 610 | 2 | 0 | |a Európska únia |
| 610 | 2 | 0 | |a CEFTA |
| 610 | 2 | 0 | |a produkt národný hrubý |
| 610 | 2 | 0 | |a Vyšehradská štvorka |
| 100 | 1 | |a Bielik, Peter | |